Art, affluence and alienation: (Record no. 76428)
[ view plain ]
| 000 -LEADER | |
|---|---|
| fixed length control field | 00817nam a2200289 a 4500 |
| 001 - CONTROL NUMBER | |
| control field | 76428 |
| 003 - CONTROL NUMBER IDENTIFIER | |
| rucl marc code | BD-RjUL |
| 005 - DATE AND TIME OF LATEST TRANSACTION | |
| control field | 20211209082837.0 |
| 008 - FIXED-LENGTH DATA ELEMENTS--GENERAL INFORMATION | |
| fixed length control field | 191204s1968 enk b 001 0 eng |
| 020 ## - INTERNATIONAL STANDARD BOOK NUMBER | |
| International Standard Book Number | 0269670335 |
| 035 ## - SYSTEM CONTROL NUMBER | |
| System control number | (BD-RjUL)76649 |
| 040 ## - CATALOGING SOURCE | |
| Original cataloging agency | DLC |
| Transcribing agency | DLC |
| Modifying agency | DLC |
| -- | BD-RjUL |
| Language of cataloging | eng |
| 041 ## - LANGUAGE CODE | |
| Language code of text/sound track or separate title | eng |
| 082 00 - DEWEY DECIMAL CLASSIFICATION NUMBER | |
| Edition number | 23 |
| Classification number | 709.04 |
| Author mark and year | MCA 1968 |
| 100 1# - MAIN ENTRY--PERSONAL NAME | |
| Personal name | McMullen, Roy. |
| 9 (RLIN) | 235972 |
| 245 10 - TITLE STATEMENT | |
| Title | Art, affluence and alienation: |
| Remainder of title | the fine arts today / |
| Statement of responsibility, etc. | Roy McMullen |
| 260 ## - PUBLICATION, DISTRIBUTION, ETC. (IMPRINT) | |
| Place of publication, distribution, etc. | London : |
| Name of publisher, distributor, etc. | Pall Mall P., |
| Date of publication, distribution, etc. | 1968. |
| 300 ## - PHYSICAL DESCRIPTION | |
| Pagination | vii, 272 p. |
| Size | 25 cm. |
| 350 ## - PRICE (NR) (BK AM CF MU VM SE) [OBSOLETE] | |
| Price | 40/- |
| 490 0# - SERIES STATEMENT | |
| Series statement | Britannica perspectives |
| 504 ## - BIBLIOGRAPHY, ETC. NOTE | |
| Bibliography, etc | Bibliographical footnotes. |
| 650 #0 - SUBJECT ADDED ENTRY--TOPICAL TERM | |
| Topical term or geographic name as entry element | Arts, Modern |
| Chronological subdivision | 20th century |
| General subdivision | History. |
| 9 (RLIN) | 235973 |
| 942 ## - ADDED ENTRY ELEMENTS (KOHA) | |
| Source of classification or shelving scheme | Dewey Decimal Classification |
| Koha item type | Books |
| Lost status | Source of classification or shelving scheme | Damaged status | Not for loan | Collection code | Permanent Location | Current Location | Shelving location | Date acquired | Source of acquisition | Cost, normal purchase price | Total Checkouts | Full call number | Date last seen | Copy number | Koha item type |
|---|---|---|---|---|---|---|---|---|---|---|---|---|---|---|---|
| Dewey Decimal Classification | Not For Loan | Non-fiction | Central Library, University of Rajshahi | Central Library, University of Rajshahi | Reading Room | 04/12/2019 | standard pub. | 450.00 | 709.04 MCA 1968 | 04/12/2019 | C-1 | Books |